000 00306nam a2200133Ia 4500
005 20251222155056.0
008 251222s9999||||xx |||||||||||||| ||spa||
082 _aFIL.15
100 _aDAGOBERT. Runes,
245 0 _aDiccionario de FilosofĂ­a
250 _a1ra. ed.
264 _bGrijalbo
942 _cLIB
999 _c37477
_d37477